[Event "Espana"]
[Site "?"]
[Date "2000.??.??"]
[Round "?"]
[White "Shirov, A."]
[Black "Giorgadze, G."]
[Result "1-0"]
[WhiteElo "2745"]
[BlackElo "2595"]
[PlyCount "59"]
[EventDate "2000.??.??"]
[Source "Chess Informant"]
[SourceDate "2000.06.01"]

1. e4 e5 2. Nf3 Nc6 3. Bb5 g6 4. c3 a6 5. Bc4 d6 6. d4 Bg7 7. O-O Qe7 8. h3 Nf6 9. Re1 O-O 10. Bg5 h6 11. Bh4 Qe8 12. Nbd2 Nh5 13. Nf1 Nf4 14. Ne3 g5 15. Bg3 Ne7 16. dxe5 dxe5 17. h4 b5 18. Bb3 g4 19. Nxe5 Bxe5 20. Nxg4 Neg6 21. h5 Bxg4 22. Qxg4 Kh7 23. hxg6+ fxg6 24. Rad1 Rd8 25. Rxd8 Qxd8 26. Rd1 Qf6 27. Rd7+ Kh8 28. Bxf4 Bxf4 29. Qe6 Qh4 30. Rf7 1-0

[Event "Madrid"]
[Site "?"]
[Date "1997.??.??"]
[Round "?"]
[White "Illescas Cordoba, M."]
[Black "Salov, Va"]
[Result "1/2-1/2"]
[WhiteElo "2635"]
[BlackElo "2665"]
[PlyCount "129"]
[EventDate "1997.??.??"]
[Source "ChessBase"]
[SourceDate "1997.02.01"]

1. e4 e5 2. Nf3 Nc6 3. Bb5 g6 4. d4 exd4 5. Bg5 Be7 6. Bxe7 Qxe7 7. Bxc6 dxc6 8. Qxd4 Nf6 9. Nc3 Bg4 10. Nd2 c5 11. Qe3 O-O-O 12. h3 Be6 13. O-O-O Nd7 14. f4 f6 15. Nf3 Rhe8 16. Rhe1 Nb6 17. Rxd8+ Rxd8 18. f5 Bg8 19. Qh6 Qf8 20. Qxf8 Rxf8 21. g4 gxf5 22. gxf5 Bf7 23. Rg1 Bh5 24. Ne1 c6 25. Nd3 Nd7 26. Rg7 Rf7 27. Rg8+ Kc7 28. Nf4 Bf3 29. Ne6+ Kd6 30. Nd8 Re7 31. Nxb7+ Ke5 32. Rd8 Kf4 33. Nd6 h5 34. Rg8 Ne5 35. Ne8 Rf7 36. Ng7 c4 37. Ne6+ Ke3 38. h4 Bxe4 39. Nxe4 Kxe4 40. Ng7 Kf4 41. Nxh5+ Kxf5 42. Kd2 Rh7 43. Ng3+ Kf4 44. h5 Kf3 45. Kc3 c5 46. a3 a6 47. b4 cxb3 48. Kxb3 Rb7+ 49. Kc3 Rh7 50. Kb3 Ng4 51. Ne4 Kxe4 52. Rxg4+ Kf5 53. Rc4 Kg5 54. Rxc5+ f5 55. c4 Rxh5 56. Kb4 Kg4 57. a4 Rh6 58. Rc8 f4 59. c5 f3 60. c6 f2 61. Rf8 Kg3 62. Kc5 Rh1 63. Kb6 f1=Q 64. Rxf1 Rxf1 65. Kxa6 1/2-1/2

[Event "Wijk aan Zee"]
[Site "?"]
[Date "1994.??.??"]
[Round "?"]
[White "Smirin, I."]
[Black "Sokolov, I."]
[Result "1-0"]
[WhiteElo "2615"]
[BlackElo "2650"]
[PlyCount "137"]
[EventDate "1994.??.??"]
[Source "ChessBase"]
[SourceDate "1993.10.01"]

1. e4 e5 2. Nf3 Nc6 3. Bb5 g6 4. d4 exd4 5. Bg5 Be7 6. Bxe7 Ngxe7 7. Nxd4 d5 8. Nc3 O-O 9. Bxc6 bxc6 10. Nb3 dxe4 11. Nxe4 Bf5 12. Nbc5 Qxd1+ 13. Rxd1 Nd5 14. O-O Kg7 15. c4 Bxe4 16. Nxe4 Rae8 17. Nc5 Nb6 18. b3 Re5 19. Nd3 Re2 20. a4 Nd7 21. Rfe1 Rxe1+ 22. Rxe1 c5 23. f3 Rb8 24. Re7 Rd8 25. Kf2 Kf6 26. Re3 Rb8 27. Nf4 c6 28. g4 Nf8 29. h4 h6 30. Rd3 Ne6 31. Nxe6 Kxe6 32. Re3+ Kd7 33. h5 gxh5 34. gxh5 Re8 35. Rd3+ Kc7 36. f4 Re4 37. Kf3 Re1 38. Kg4 Rg1+ 39. Kf5 Rh1 40. Kf6 Rxh5 41. f5 Rh1 42. Kxf7 h5 43. Re3 Kd7 44. Rd3+ Kc7 45. f6 h4 46. Ke6 Re1+ 47. Kf5 Rf1+ 48. Kg5 Rh1 49. Rf3 h3 50. Kh4 h2 51. Kh3 Rg1 52. Kxh2 Rg8 53. f7 Rf8 54. Rf6 Kd7 55. Kg2 a5 56. Kf3 Ke7 57. Rxc6 Rb8 58. Rc7+ Kf8 59. Ke4 Rxb3 60. Kd5 Ra3 61. Ra7 Ra1 62. Rxa5 Kxf7 63. Kxc5 Rc1 64. Ra8 Ke7 65. a5 Kd7 66. a6 Kc7 67. Rg8 Ra1 68. a7 Ra5+ 69. Kd4 1-0

[Event "ch-Euro Blitz"]
[Site "Ajaccio FRA"]
[Date "2007.10.25"]
[Round "11"]
[White "Fressinet, L."]
[Black "Jussupow, Ar"]
[Result "1-0"]
[WhiteElo "2654"]
[BlackElo "2583"]
[PlyCount "51"]
[EventDate "2007.10.25"]
[Source "www.chesslib.no"]
[SourceDate "2004.05.04"]

1. e4 e5 2. Nf3 Nc6 3. Bb5 g6 4. d4 exd4 5. c3 d3 6. Qxd3 Bg7 7. O-O Nge7 8. Nbd2 O-O 9. Re1 d6 10. Bc4 Ne5 11. Nxe5 dxe5 12. Qe2 c6 13. Nf3 h6 14. Be3 b6 15. Rad1 Qc7 16. Qd2 Kh7 17. Qd6 Qxd6 18. Rxd6 Rb8 19. h3 Rb7 20. Red1 Rc7 21. a4 Bb7 22. a5 Nc8 23. Rd7 Rxd7 24. Rxd7 Ba8 25. Bxf7 bxa5 26. Nh4 1-0

[Event "Arctic Chess Challenge"]
[Site "Tromso NOR"]
[Date "2007.08.09"]
[Round "6"]
[White "Gashimov, V."]
[Black "Agdestein, S."]
[Result "1/2-1/2"]
[WhiteElo "2655"]
[BlackElo "2582"]
[PlyCount "128"]
[EventDate "2007.08.04"]
[Source "www.chesslib.no"]
[SourceDate "2004.05.04"]

1. e4 e5 2. Nf3 Nc6 3. Bb5 g6 4. Bxc6 dxc6 5. d4 exd4 6. Qxd4 Qxd4 7. Nxd4 Bg7 8. Ne2 b6 9. Nbc3 Ba6 10. Bd2 O-O-O 11. O-O-O Ne7 12. h4 h5 13. Bg5 Rxd1+ 14. Rxd1 Re8 15. Rd2 c5 16. f3 f6 17. Be3 Nc6 18. Bf4 Ne5 19. Rd1 b5 20. Re1 c6 21. Nd1 c4 22. Be3 Bf8 23. Nf2 c5 24. Nc3 b4 25. Nd5 Re6 26. Rd1 Bb5 27. Bf4 Bg7 28. Nh3 Be8 29. Be3 Bf8 30. Nhf4 Ra6 31. Kb1 Bf7 32. c3 b3 33. a3 Rc6 34. Nh3 Nd7 35. Bf4 Nb6 36. Nf2 f5 37. Ne3 Be6 38. Re1 Kd7 39. Kc1 Be7 40. exf5 Bxf5 41. Nxf5 gxf5 42. Bg5 Bxg5+ 43. hxg5 Re6 44. Rxe6 Kxe6 45. Nh3 Nd5 46. g3 f4 47. gxf4 h4 48. Kd2 Kf5 49. Kd1 a5 50. Kd2 a4 51. Kd1 Nxf4 52. Nxf4 Kxf4 53. g6 h3 54. g7 h2 55. g8=Q h1=Q+ 56. Kd2 Qh2+ 57. Ke1 Qh1+ 58. Kd2 Qh2+ 59. Ke1 Qh4+ 60. Ke2 Qe7+ 61. Kd1 Qd6+ 62. Kc1 Kxf3 63. Qg1 Qd3 64. Qg3+ Kxg3 1/2-1/2

[Event "Arctic Chess Challenge 2008"]
[Site "Tromsø NOR"]
[Date "2008.08.09"]
[Round "8"]
[White "Kurnosov, Igor"]
[Black "Agdestein, Simen"]
[Result "1-0"]
[WhiteElo "2617"]
[BlackElo "2583"]
[PlyCount "77"]
[EventDate "2008.08.02"]
[Source "www.chesslib.no"]
[SourceDate "2004.05.04"]

1. e4 e5 2. Nf3 Nc6 3. Bb5 g6 4. c3 d6 5. d4 Bd7 6. O-O Bg7 7. Qb3 Rb8 8. dxe5 Nxe5 9. Nxe5 Bxe5 10. Be3 b6 11. f4 Bg7 12. f5 Nf6 13. Bxd7+ Qxd7 14. Bd4 O-O 15. Bxf6 Bxf6 16. fxg6 Bg5 17. gxh7+ Kh8 18. Qd5 Be3+ 19. Kh1 Rbe8 20. Na3 Re5 21. Qd3 Bh6 22. Nc4 Re6 23. Ne3 Bg7 24. Nf5 Be5 25. Rf3 Rg6 26. Raf1 a5 27. b3 Qd8 28. Qe3 Kxh7 29. Rh3+ Kg8 30. Qf3 Qf6 31. Qh5 Re8 32. Qh7+ Kf8 33. Rhf3 Qg5 34. g3 Bf6 35. Rf4 Rg8 36. Nh6 Rg7 37. Rxf6 Qxf6 38. Qh8+ Ke7 39. Qxe8+ 1-0

[Event "SLO-chT"]
[Site "Celje"]
[Date "2004.11.01"]
[Round "4"]
[White "Volokitin, Andrei"]
[Black "Stevic, Hrvoje"]
[Result "1/2-1/2"]
[WhiteElo "2652"]
[BlackElo "2539"]
[PlyCount "92"]
[EventDate "2004.11.29"]
[Source "Roberto Alvarez"]
[SourceDate "2004.12.06"]

1. e4 e5 2. Nf3 Nc6 3. Bb5 g6 4. c3 a6 5. Bxc6 dxc6 6. d4 exd4 7. cxd4 Bg4 8. O-O Bg7 9. Nc3 Ne7 10. Bf4 O-O 11. h3 Bxf3 12. Qxf3 Bxd4 13. Rad1 c5 14. b4 b6 15. bxc5 bxc5 16. Na4 Qe8 17. Qa3 Qc6 18. Rxd4 cxd4 19. Qxe7 Rfe8 20. Qa3 Rxe4 21. Rc1 Qe8 22. Bxc7 d3 23. Nb2 d2 24. Rc2 Rc8 25. Kh2 Re1 26. Qd3 Rxc7 27. Rxc7 Qe5+ 28. Qg3 Qxb2 29. Qf4 Qe5 30. Qxe5 Rxe5 31. Rd7 Re2 32. Kg3 d1=Q 33. Rxd1 Rxa2 34. Rd6 g5 35. f4 gxf4+ 36. Kxf4 a5 37. Ra6 a4 38. g4 a3 39. Kg5 Kg7 40. h4 Ra1 41. Kh5 a2 42. g5 h6 43. gxh6+ Kh7 44. Ra7 Kh8 45. Ra8+ Kh7 46. Ra7 Kh8 1/2-1/2

[Event "Iranian Super League"]
[Site "?"]
[Date "2005.08.25"]
[Round "8"]
[White "Guseinov Gadir"]
[Black "Petrosian Tigran L"]
[Result "1/2-1/2"]
[WhiteElo "2573"]
[BlackElo "2599"]
[PlyCount "119"]
[EventDate "2005.??.??"]
[Source "www.chesslib.no"]
[SourceDate "2004.05.04"]

1. e4 e5 2. Nf3 Nc6 3. Bb5 g6 4. d4 exd4 5. Bg5 Be7 6. Bxe7 Qxe7 7. Bxc6 dxc6 8. Qxd4 Nf6 9. O-O c5 10. Qe3 b6 11. Nc3 Bb7 12. Rad1 O-O 13. e5 Ng4 14. Qf4 Bxf3 15. Qxf3 Qh4 16. Qf4 g5 17. Qg3 Qxg3 18. hxg3 Nxe5 19. Nd5 c6 20. Ne7+ Kg7 21. Rfe1 Nc4 22. b3 Na3 23. Nxc6 Nxc2 24. Re2 Nb4 25. Nxb4 cxb4 26. Re5 h6 27. Rb5 Rad8 28. Rxd8 Rxd8 29. Rxb4 Rd1+ 30. Kh2 Rd2 31. Ra4 a5 32. f3 h5 33. Rc4 Rxa2 34. Rc6 Rb2 35. Rxb6 a4 36. b4 Kf8 37. Rb7 Ke8 38. b5 Kd8 39. f4 f6 40. fxg5 fxg5 41. Ra7 Rb4 42. Kg1 Rb1+ 43. Kh2 Rb4 44. b6 Kc8 45. Rc7+ Kb8 46. Ra7 Kc8 47. Rc7+ Kb8 48. Ra7 Rc4 49. Kg1 Rc1+ 50. Kh2 Rc4 51. Kg1 Rc1+ 52. Kh2 Ra1 53. g4 hxg4 54. Kg3 Ra2 55. Kxg4 Rxg2+ 56. Kf5 Ra2 57. Kxg5 a3 58. Kh4 Ra1 59. Kh3 a2 60. Kg2 1/2-1/2

[Event "Frankfurt Ordix op"]
[Site "Frankfurt"]
[Date "1999.07.03"]
[Round "5"]
[White "Kindermann, S."]
[Black "Giorgadze, G."]
[Result "0-1"]
[WhiteElo "2541"]
[BlackElo "2609"]
[PlyCount "86"]
[EventDate "1999.07.??"]
[Source "www.chesslib.no"]
[SourceDate "2004.05.04"]

1. e4 e5 2. Nf3 Nc6 3. Bb5 g6 4. d4 exd4 5. Bg5 Be7 6. Bxe7 Qxe7 7. Bxc6 dxc6 8. Qxd4 Nf6 9. Nbd2 c5 10. Qe5 Be6 11. Ng5 Bg4 12. Qf4 O-O-O 13. h3 h6 14. Nxf7 g5 15. Qe3 Qxf7 16. hxg4 Nxg4 17. Qf3 Qxf3 18. gxf3 Ne5 19. Ke2 Rd6 20. f4 gxf4 21. Rh5 Re8 22. Rah1 Ree6 23. Rf5 f3+ 24. Nxf3 Nc4 25. Rh4 Nxb2 26. Rxc5 Na4 27. Rf5 Nc3+ 28. Ke3 Nxa2 29. Ne5 b5 30. Nd3 Nc3 31. Rc5 Rc6 32. Rxc6 Rxc6 33. f4 a5 34. f5 a4 35. e5 a3 36. Nb4 a2 37. Nxa2 Nxa2 38. f6 Kd7 39. Rxh6 Rc3+ 40. Ke4 Ke6 41. Rh7 Rc4+ 42. Ke3 Kxe5 43. f7 Re4+ 0-1

[Event "Bundesliga 9293"]
[Site "Germany"]
[Date "1993.??.??"]
[Round "?"]
[White "Glek, Igor V"]
[Black "Huebner, Robert"]
[Result "1/2-1/2"]
[WhiteElo "2520"]
[BlackElo "2630"]
[PlyCount "33"]
[EventDate "1992.10.??"]
[Source "ChessBase"]
[SourceDate "1999.07.01"]

1. e4 e5 2. Nf3 Nc6 3. Bb5 g6 4. d4 exd4 5. Bg5 f6 6. Bh4 Bg7 7. Nxd4 Nge7 8. Nc3 O-O 9. O-O Kh8 10. Nde2 d6 11. a3 Be6 12. f4 Bg8 13. f5 Ne5 14. Nd4 c6 15. Be2 d5 16. fxg6 hxg6 17. exd5 1/2-1/2

[Event "Yopal"]
[Site "Yopal"]
[Date "1997.06.26"]
[Round "6"]
[White "Milos, Gilberto"]
[Black "Conquest, Stuart"]
[Result "1/2-1/2"]
[WhiteElo "2605"]
[BlackElo "2540"]
[PlyCount "71"]
[EventDate "1997.06.20"]
[Source "ChessBase"]
[SourceDate "1997.10.13"]

1. e4 e5 2. Nf3 Nc6 3. Bb5 g6 4. d4 exd4 5. Bg5 Be7 6. Bxe7 Qxe7 7. Bxc6 dxc6 8. Qxd4 Nf6 9. Nc3 Bg4 10. Qe3 Rd8 11. O-O O-O 12. Ne1 Be6 13. Nd3 Bc4 14. Rad1 c5 15. Rfe1 Bxd3 16. Rxd3 Rxd3 17. Qxd3 Rd8 18. Qe3 c6 19. Qg5 b5 20. e5 Nd5 21. Qxe7 Nxe7 22. Ne4 c4 23. f4 Kg7 24. Kf2 h5 25. Nd6 Nf5 26. Nxf5+ gxf5 27. Ke2 Rd4 28. g3 c3 29. bxc3 Ra4 30. Rd1 Rxa2 31. Rd7 Kf8 32. Kd2 Ra1 33. Rd8+ Kg7 34. Rd7 Kf8 35. Rd8+ Kg7 36. Rd7 1/2-1/2

[Event "Lost Boys op"]
[Site "Amsterdam"]
[Date "2001.08.19"]
[Round "9"]
[White "Timman, Jan H"]
[Black "Shchekachev, Andrei"]
[Result "1-0"]
[WhiteElo "2597"]
[BlackElo "2546"]
[PlyCount "99"]
[EventDate "2001.08.10"]
[Source "ChessBase"]
[SourceDate "2001.09.11"]

1. e4 e5 2. Nf3 Nc6 3. Bb5 g6 4. c3 Nge7 5. d4 exd4 6. cxd4 d5 7. exd5 Nxd5 8. O-O Bg7 9. Re1+ Be6 10. Bg5 Qd6 11. Nbd2 O-O 12. Ne4 Qb4 13. Bxc6 bxc6 14. Qc1 Rfe8 15. Bd2 Qb5 16. a4 Qb6 17. Nc5 Bf5 18. Ne5 f6 19. Nc4 Rxe1+ 20. Qxe1 Qb8 21. h3 g5 22. Rc1 h5 23. Qe2 g4 24. hxg4 hxg4 25. Ne3 Nxe3 26. Qxe3 Qxb2 27. Bc3 Qa2 28. Qf4 Qd5 29. Re1 Rc8 30. Ba5 Rf8 31. Bxc7 Bc8 32. Bd6 Rd8 33. Bc7 Rf8 34. Bb8 Qg5 35. Qxg5 fxg5 36. Be5 Re8 37. Re3 Rd8 38. Bxg7 Kxg7 39. Re7+ Kf6 40. Rxa7 Rxd4 41. Rc7 Bf5 42. Rxc6+ Ke5 43. a5 Kd5 44. Rf6 Ke5 45. Rb6 Kd5 46. Nb3 Rd1+ 47. Kh2 Bc2 48. a6 Bxb3 49. Rxb3 Ra1 50. Kg3 1-0

[Event "Corr"]
[Site "?"]
[Date "1998.??.??"]
[Round "?"]
[White "Brookes John G"]
[Black "Lukez Franko"]
[Result "1-0"]
[WhiteElo "2586"]
[BlackElo "2549"]
[PlyCount "87"]
[EventDate "1998.??.??"]
[Source "www.chesslib.no"]
[SourceDate "2004.05.04"]

1. e4 e5 2. Nf3 Nc6 3. Bb5 g6 4. d4 exd4 5. Bg5 Be7 6. Bxe7 Ngxe7 7. Nxd4 d5 8. Nc3 O-O 9. Bxc6 bxc6 10. Nb3 dxe4 11. Nxe4 Bf5 12. Nbc5 Bxe4 13. Nxe4 f5 14. Qxd8 Raxd8 15. Nd2 Nd5 16. O-O-O Nf4 17. g3 Nh3 18. Rhf1 f4 19. f3 Rd5 20. Rde1 Ra5 21. a3 fxg3 22. hxg3 Rg5 23. Ne4 Rgf5 24. f4 g5 25. Rh1 g4 26. Nd2 h5 27. Nf3 R5f7 28. Nh4 Rd8 29. Re5 Rd5 30. Re2 Rfd7 31. Ng6 Kg7 32. Ne5 R7d6 33. Rhe1 Rd4 34. c3 R4d5 35. Kc2 Rf6 36. b4 Nxf4 37. gxf4 Rxf4 38. Rh1 Kh6 39. Nxc6 g3 40. Rg2 Rg5 41. Nd4 Rfg4 42. Rh3 h4 43. Nf3 Rh5 44. Nxh4 1-0

[Event "Campionato europeo 2007"]
[Site "Dresda GER"]
[Date "2007.04.05"]
[Round "3.52"]
[White "Parligras, Mircea"]
[Black "Jussupow, Artur"]
[Result "1/2-1/2"]
[WhiteElo "2522"]
[BlackElo "2605"]
[PlyCount "123"]
[EventDate "2007.04.03"]
[Source "www.chesslib.no"]
[SourceDate "2004.05.04"]

1. e4 e5 2. Nf3 Nc6 3. Bb5 g6 4. d4 exd4 5. Bg5 f6 6. Bh4 Bg7 7. Nxd4 Nge7 8. Nc3 O-O 9. O-O Kh8 10. Nd5 Nxd5 11. exd5 Nxd4 12. Qxd4 d6 13. Qb4 Rb8 14. Bd3 b6 15. f4 a5 16. Qd2 Bb7 17. c4 Qe8 18. f5 Qf7 19. Bc2 Rbe8 20. Qd3 b5 21. b3 g5 22. Bg3 Bh6 23. Qd4 g4 24. Rae1 Bg5 25. Re6 bxc4 26. bxc4 Bc8 27. Ba4 Re7 28. Qxg4 Bxe6 29. dxe6 Be3+ 30. Bf2 Bxf2+ 31. Kxf2 Qg7 32. Qxg7+ Kxg7 33. Rb1 Kh6 34. g4 Kg5 35. Kg3 h5 36. h4+ Kh6 37. Rb5 hxg4 38. Rxa5 Rb8 39. Rb5 Ra8 40. Bb3 c6 41. Rb6 Rc7 42. Kxg4 Rg8+ 43. Kf4 Rg1 44. Rb8 Rf1+ 45. Ke4 Ra7 46. Rc8 Ra5 47. Rxc6 Raxf5 48. Rxd6 Re5+ 49. Kd4 Rf4+ 50. Kc3 Rxh4 51. Ba4 Rhe4 52. Bd7 Kg7 53. a4 f5 54. e7 Rxe7 55. Bxf5 Re1 56. Bd7 Rb1 57. a5 Re3+ 58. Kd4 Ra3 59. a6 Rd1+ 60. Kc5 Rxd6 61. Kxd6 Rxa6+ 62. Kd5 1/2-1/2

[Event "Groningen"]
[Site "Groningen"]
[Date "1989.??.??"]
[Round "?"]
[White "Anand, Viswanathan"]
[Black "Smyslov, Vassily"]
[Result "1/2-1/2"]
[WhiteElo "2555"]
[BlackElo "2570"]
[PlyCount "40"]
[EventDate "1989.12.??"]
[Source "ChessBase"]

1. e4 e5 2. Nf3 Nc6 3. Bb5 g6 4. d4 exd4 5. Bg5 Be7 6. Bf4 Nf6 7. e5 Nd5 8. Bh6 a6 9. Ba4 Nb6 10. Bb3 d5 11. exd6 Qxd6 12. O-O Be6 13. Bxe6 fxe6 14. Nbd2 O-O-O 15. Re1 Qd5 16. Qe2 Rhe8 17. Qxe6+ Qxe6 18. Rxe6 Bf8 19. Rxe8 Rxe8 20. Bxf8 Rxf8 1/2-1/2

[Event "Europa ch 2008"]
[Site "Plovdiv BUL"]
[Date "2008.05.02"]
[Round "11.35"]
[White "Kritz, Leonid"]
[Black "Radulski, Julian"]
[Result "1/2-1/2"]
[WhiteElo "2609"]
[BlackElo "2514"]
[PlyCount "72"]
[EventDate "2008.04.21"]
[Source "www.chesslib.no"]
[SourceDate "2004.05.04"]

1. e4 e5 2. Nf3 Nc6 3. Bb5 g6 4. c3 a6 5. Bc4 d6 6. d4 Qe7 7. O-O Bg7 8. h3 Nf6 9. Re1 O-O 10. Bg5 h6 11. Bh4 Bd7 12. Nbd2 b5 13. Bf1 Qe8 14. dxe5 Nxe5 15. Nxe5 dxe5 16. Nb3 Bc6 17. f3 Nh5 18. Bf2 Rd8 19. Qc2 f5 20. Nc5 fxe4 21. Nxe4 Nf4 22. b4 Qf7 23. c4 Ne6 24. cxb5 Bxb5 25. Bc4 Bxc4 26. Qxc4 Nf4 27. Qxf7+ Rxf7 28. Red1 Rfd7 29. Rxd7 Rxd7 30. Kf1 Rd3 31. Rc1 Bf8 32. Be1 Nd5 33. Rc6 Ra3 34. Rxg6+ Kf7 35. Rc6 Rxa2 36. Bd2 Bxb4 1/2-1/2

[Event "New York op"]
[Site "New York"]
[Date "1987.??.??"]
[Round "?"]
[White "Sax, Gyula"]
[Black "Smyslov, Vassily"]
[Result "1-0"]
[WhiteElo "2570"]
[BlackElo "2550"]
[PlyCount "83"]
[EventDate "1987.04.??"]
[Source "ChessBase"]

1. e4 e5 2. Nf3 Nc6 3. Bb5 g6 4. d4 exd4 5. Bg5 Be7 6. Bxe7 Qxe7 7. Bxc6 dxc6 8. Qxd4 Nf6 9. Nc3 O-O 10. O-O-O Be6 11. h3 Rfd8 12. Qe3 b5 13. Ne5 Bd7 14. f4 Be8 15. g4 a5 16. g5 Nh5 17. Ng4 b4 18. Na4 Rxd1+ 19. Rxd1 Rd8 20. Rxd8 Qxd8 21. Nc5 Qd6 22. e5 Qd5 23. Ne4 Kf8 24. b3 c5 25. Ngf6 Qd4 26. Qxd4 cxd4 27. Nxh5 gxh5 28. h4 Bc6 29. Nf6 Ke7 30. Nxh5 Ke6 31. Ng7+ Kd5 32. h5 Bd7 33. h6 c5 34. Kd2 Bh3 35. f5 Bxf5 36. Nxf5 Kxe5 37. Nh4 Kf4 38. g6 fxg6 39. Nxg6+ Kg5 40. Nf8 Kxh6 41. Kd3 Kg7 42. Nxh7 1-0

[Event "Finjub30 GM2"]
[Site "Finjub30 GM2"]
[Date "1992.??.??"]
[Round "?"]
[White "Kujala, Auvo"]
[Black "Ballon, Guenther Jan"]
[Result "1/2-1/2"]
[WhiteElo "2645"]
[BlackElo "2465"]
[PlyCount "81"]
[EventDate "1992.??.??"]
[Source "www.chesslib.no"]
[SourceDate "2004.05.04"]

1. e4 e5 2. Nf3 Nc6 3. Bb5 g6 4. d4 exd4 5. Bg5 Be7 6. Bxe7 Ngxe7 7. Nxd4 d5 8. Nc3 dxe4 9. Bxc6+ Nxc6 10. Nxc6 Qxd1+ 11. Rxd1 bxc6 12. Nxe4 Bf5 13. Rd4 Rd8 14. Rc4 O-O 15. O-O Bxe4 16. Rxe4 Rd2 17. Rc1 Rb8 18. b3 Rb5 19. Kf1 Ra5 20. a4 Rg5 21. Ke1 Rd7 22. g3 Rgd5 23. Rc4 c5 24. Kf1 Kf8 25. Re1 Re7 26. Rce4 Rxe4 27. Rxe4 Rd2 28. Rc4 Rd5 29. Ke2 Ke8 30. Rh4 h5 31. Re4+ Kd7 32. h4 Kd6 33. Rf4 Ke6 34. Rf3 Re5+ 35. Kd3 Rf5 36. Re3+ Re5 37. Rf3 Rf5 38. Re3+ Re5 39. Re4 f6 40. Rf4 Rf5 41. Re4+ 1/2-1/2

[Event "Open"]
[Site "Mosca RUS"]
[Date "2007.01.31"]
[Round "5"]
[White "Belov, Vl"]
[Black "Romanov, E."]
[Result "1/2-1/2"]
[WhiteElo "2600"]
[BlackElo "2501"]
[PlyCount "116"]
[EventDate "2007.01.27"]
[Source "www.chesslib.no"]
[SourceDate "2004.05.04"]

1. e4 e5 2. Nf3 Nc6 3. Bb5 g6 4. c3 a6 5. Bc4 Bg7 6. d4 d6 7. O-O Qe7 8. dxe5 Nxe5 9. Nxe5 dxe5 10. b3 Nf6 11. Ba3 c5 12. Bd5 O-O 13. c4 Rb8 14. Qc2 Bd7 15. Nd2 Rfc8 16. Rae1 Nxd5 17. exd5 Bf5 18. Qc3 e4 19. Qc1 Qe5 20. Nf3 Qc3 21. Nh4 Qxc1 22. Bxc1 b5 23. Nxf5 gxf5 24. Bf4 Rb7 25. f3 Bd4+ 26. Kh1 bxc4 27. bxc4 Re8 28. Re2 e3 29. g4 fxg4 30. fxg4 Re4 31. Kg2 Rb2 32. Rxb2 Bxb2 33. Kf3 Rxc4 34. Bxe3 Be5 35. h3 Bd6 36. Rb1 Rb4 37. Rxb4 cxb4 38. Bb6 Kg7 39. Ke4 Kg6 40. Bd8 h6 41. Bb6 Kg5 42. Bd8+ Kg6 43. h4 h5 44. gxh5+ Kxh5 45. Kf5 Bg3 46. Ba5 Be1 47. Bb6 a5 48. Bxa5 b3 49. axb3 Bxa5 50. Kf6 Kxh4 51. d6 Kg4 52. d7 Kf4 53. b4 Bb6 54. b5 Ke4 55. Kxf7 Kd5 56. Ke8 Kc5 57. d8=Q Bxd8 58. Kxd8 Kxb5 1/2-1/2

[Event "Bad Lauterberg"]
[Site "?"]
[Date "1991.??.??"]
[Round "?"]
[White "Luther, Th"]
[Black "Dautov, R."]
[Result "0-1"]
[WhiteElo "2495"]
[BlackElo "2595"]
[PlyCount "82"]
[EventDate "1991.??.??"]
[Source "ChessBase"]
[SourceDate "1991.10.01"]

1. e4 e5 2. Nf3 Nc6 3. Bb5 g6 4. d4 exd4 5. Bg5 Be7 6. Bxe7 Qxe7 7. Bxc6 dxc6 8. Qxd4 Nf6 9. Nc3 Bg4 10. O-O-O Bxf3 11. gxf3 O-O 12. Qe3 Nh5 13. f4 b6 14. f5 Rad8 15. Rxd8 Rxd8 16. fxg6 hxg6 17. f4 Kh7 18. Rf1 Re8 19. Qf3 Kg7 20. a3 Qh4 21. e5 Qxh2 22. Qxc6 Qh3 23. Rd1 Re6 24. Qxc7 Nxf4 25. Kb1 Qf5 26. Rd7 a6 27. Na4 g5 28. Nxb6 Rxb6 29. Qxb6 Qxd7 30. Qf6+ Kg8 31. Qxg5+ Ng6 32. b4 Qe6 33. Qg2 Kf8 34. a4 Nxe5 35. Qa8+ Kg7 36. b5 axb5 37. axb5 Nc4 38. Qg2+ Kf6 39. Qf3+ Ke5 40. Qe2+ Kd4 41. Qf2+ Kc3 0-1

[Event "EU-chT (Men)"]
[Site "Haifa"]
[Date "1989.??.??"]
[Round "5"]
[White "Hellers, Ferdinand"]
[Black "Gruenfeld, Yehuda"]
[Result "0-1"]
[WhiteElo "2560"]
[BlackElo "2530"]
[PlyCount "102"]
[EventDate "1989.11.??"]
[Source "ChessBase"]

1. e4 e5 2. Nf3 Nc6 3. Bb5 g6 4. d4 exd4 5. Bg5 Be7 6. Bxe7 Qxe7 7. Bxc6 dxc6 8. Qxd4 Nf6 9. Nc3 Bg4 10. Nd2 O-O 11. h3 Rfd8 12. Qe3 Be6 13. O-O-O a5 14. f4 Ne8 15. g4 f6 16. Nf3 Bf7 17. Rhe1 Rxd1+ 18. Rxd1 Rd8 19. Rxd8 Qxd8 20. b3 b6 21. e5 Qe7 22. Kb2 Bd5 23. Nxd5 cxd5 24. Qd3 Qd7 25. c4 c6 26. cxd5 cxd5 27. Nd4 fxe5 28. fxe5 Nc7 29. Qf3 Qf7 30. Qf6 Qxf6 31. exf6 g5 32. Nf3 Ne6 33. Ne5 Nf4 34. Kc3 Nxh3 35. Kd4 Nf4 36. a4 h6 37. Nd7 Kf7 38. Nxb6 Kxf6 39. b4 axb4 40. a5 Ke6 41. Kc5 b3 42. Na4 Nd3+ 43. Kb6 Kd6 44. Nc3 Nb4 45. Nb5+ Kd7 46. Kb7 b2 47. Na3 d4 48. Nb1 d3 49. Nd2 Nc6 50. a6 Na5+ 51. Kb8 Nc4 0-1

[Event "Tbilisi mT"]
[Site "Tbilisi GEO"]
[Date "1979.??.??"]
[Round "?"]
[White "Gipslis, Aivars P"]
[Black "Smyslov, Vassily V"]
[Result "1/2-1/2"]
[WhiteElo "2525"]
[BlackElo "2560"]
[PlyCount "57"]
[EventDate "1979.??.??"]
[Source "www.chesslib.no"]
[SourceDate "2004.05.04"]

1. e4 e5 2. Nf3 Nc6 3. Bb5 g6 4. c3 Nge7 5. d4 exd4 6. cxd4 d5 7. e5 Bg7 8. Bg5 O-O 9. Bxc6 bxc6 10. O-O h6 11. Bh4 g5 12. Bg3 Nf5 13. h3 Rb8 14. b3 h5 15. Nc3 g4 16. hxg4 hxg4 17. Ne1 Qg5 18. Ne2 Nxg3 19. fxg3 c5 20. Nd3 Qe3+ 21. Rf2 cxd4 22. Nef4 Qxg3 23. Nxd5 Re8 24. Qd2 Bb7 25. Nf6+ Bxf6 26. Rxf6 Qe3+ 27. Qxe3 dxe3 28. Re1 Be4 29. Nc5 1/2-1/2

[Event "1st Autumn"]
[Site "Alushta"]
[Date "2004.08.29"]
[Round "2"]
[White "Vokarev, Sergey"]
[Black "Malaniuk, Vladimir P"]
[Result "1-0"]
[WhiteElo "2529"]
[BlackElo "2555"]
[PlyCount "61"]
[EventDate "2004.08.28"]
[Source "Roberto Alvarez"]
[SourceDate "2004.09.15"]

1. e4 e5 2. Nf3 Nc6 3. Bb5 g6 4. d4 exd4 5. Bg5 Be7 6. Bxe7 Qxe7 7. Bxc6 dxc6 8. Qxd4 Nf6 9. Nc3 Bg4 10. Nd2 c5 11. Qe3 O-O-O 12. h3 Bd7 13. O-O-O Bc6 14. f3 b6 15. Nc4 h5 16. Qg5 Rxd1+ 17. Rxd1 Re8 18. h4 Nd7 19. Qxe7 Rxe7 20. Nd5 Re6 21. c3 Ne5 22. Nxe5 Rxe5 23. Nf4 Re8 24. Kc2 Re7 25. Rd2 Re8 26. Kd3 Re7 27. Ke3 Re8 28. Nd5 f5 29. Kf4 fxe4 30. fxe4 Kb7 31. Nf6 1-0

[Event "Kusadasi TUR"]
[Site "?"]
[Date "2006.04.12"]
[Round "8"]
[White "Van den Doel Erik"]
[Black "Stevic Hrvoje"]
[Result "1/2-1/2"]
[WhiteElo "2571"]
[BlackElo "2512"]
[PlyCount "67"]
[EventDate "2006.??.??"]
[Source "www.chesslib.no"]
[SourceDate "2004.05.04"]

1. e4 e5 2. Nf3 Nc6 3. Bb5 g6 4. c3 Nge7 5. d4 exd4 6. cxd4 d5 7. exd5 Nxd5 8. O-O Bg7 9. Re1+ Be6 10. Bg5 Qd6 11. Nbd2 O-O 12. Ne4 Qb4 13. Bxc6 bxc6 14. Qc1 Rfe8 15. h3 Rab8 16. b3 Bf5 17. Bd2 Qf8 18. Nc5 Rxe1+ 19. Qxe1 Re8 20. Qf1 Bc8 21. Rc1 Qd6 22. Re1 Rxe1 23. Qxe1 Qe7 24. Qxe7 Nxe7 25. Kf1 f6 26. Ne1 Nd5 27. Nc2 Bf8 28. Ke2 Kf7 29. Na3 Nb6 30. Bf4 Bd6 31. Bd2 g5 32. Nc4 Nxc4 33. bxc4 Bxc5 34. dxc5 1/2-1/2